[Event "Teplice Open 2019"]
[Site "Teplice"]
[Date "2019.06.23"]
[Round "9.26"]
[White "Handler, Lukas"]
[Black "Baum, Jonasz"]
[Result "1-0"]
[WhiteElo "2418"]
[BlackElo "2295"]
[Annotator "TA"]
[PlyCount "75"]
[EventDate "2019.06.15"]
[EventType "swiss"]
[EventCountry "CZE"]
[SourceTitle "playchess.com"]
[Source "ChessBase"]
[SourceQuality "1"]

{[%evp 10,75,21,22,41,27,8,17,17,17,12,13,11,11,10,17,31,29,36,40,34,31,35,38,49,37,43,41,43,42,43,29,27,21,30,30,30,30,35,35,29,12,66,72,55,50,52,66,371,364,364,366,352,319,280,167,361,339,668,655,833,843,29995,29996,29996,29996,29997,327]} 1. d4 d5 2. Nf3 e6 3. g3 Nf6 4. c4 dxc4 5. Bg2 Bb4+ 6. Bd2 c5 {E04: Open Catalan: 5 Nf3} (6... a5 7. a3 Bxd2+ 8. Nbxd2 b5 9. b3 cxb3 10. Qxb3 c6 11. O-O O-O 12. Rfc1 Bb7 13. Qb2 Nbd7 14. Ne1 Qb8 {0-1 (55) Bluebaum,M (2620)-Anand,V (2773) Germany 2019}) 7. a3 Bxd2+ 8. Nbxd2 {[%cal Bb1d2,Bd2c4,Bc4e5,Be5c6][%mdl 32]} cxd4 {The position is equal.} 9. Nxc4 Nc6 10. O-O O-O 11. Rc1 Rb8 12. b4 $146 ({Predecessor:} 12. Qd2 d3 13. exd3 Ne7 14. Nce5 {0-1 (40) Kezin,R (2468)-Ponkratov,P (2640) Sochi 2019}) 12... b5 13. Nfe5 Nxe5 14. Nxe5 {Strongly threatening Nc6.} Bb7 15. Bxb7 Rxb7 16. Nc6 Qb6 17. Qxd4 Qxd4 18. Nxd4 g6 19. Rc5 a6 20. Rc6 Ra8 21. Rfc1 Nd7 22. f4 Nb6 23. Nb3 Nc4 24. Nc5 Rb6 $1 {[%cal Rb6c6]} 25. Rc7 Nxa3 (25... a5 $11) 26. Nd7 $1 $36 {[%cal Rd7b6][%mdl 2048] Keeping Black busy.} Rd6 27. Nf6+ {[%mdl 1024] White has compensation.} Kg7 28. Ne4 Rb6 $2 {[%mdl 8192] [#]} ({Better is} 28... Rd4 $14 29. Ng5 Kg8) 29. Rd1 $1 $18 Rf8 30. Rdd7 e5 31. Nd6 (31. fxe5 Nc4 $18) 31... exf4 32. gxf4 (32. Nxf7 $142 fxg3 33. h4 (33. hxg3 Kf6 $16)) 32... Kf6 $2 (32... g5 33. fxg5 Kg6) 33. e4 Nc4 $2 (33... g5 34. e5+ (34. Rxf7+ Rxf7 35. Rxf7+ Ke6 $18) (34. Nxf7 gxf4 35. Rd5 Nc4 $16) 34... Ke6 35. Re7+ (35. Nxf7 gxf4 36. Re7+ Kd5 $16) (35. fxg5 Nc4 $16) 35... Kd5 36. Rc5+ (36. fxg5 Nc4 $16) 36... Kd4) 34. Nxf7 {[#] Intending Ng5 and mate.} h6 35. Nxh6 {White wants to mate with Re7.} a5 36. Re7 {[%cal Rh6g4] White mates.} g5 37. Ng4+ Kg6 38. Rg7+ $2 {Accuracy: White = 82%, Black = 47%.} (38. Rh7 {mates} Rf7 39. Rcxf7 gxf4 40. Rfg7#) 1-0

[Event "Teplice Open 2019"]
[Site "Teplice"]
[Date "2019.06.23"]
[Round "9.27"]
[White "Halvax, Georg"]
[Black "Hollan, Petr"]
[Result "1/2-1/2"]
[WhiteElo "2408"]
[BlackElo "2261"]
[Annotator "TA"]
[PlyCount "138"]
[EventDate "2019.06.15"]
[EventType "swiss"]
[EventCountry "CZE"]
[SourceTitle "playchess.com"]
[Source "ChessBase"]
[SourceQuality "1"]

{[%evp 24,138,52,50,60,38,73,0,47,4,101,47,35,21,13,16,12,-19,0,-22,-25,-48,-13,-62,-52,-49,-72,-91,-91,-138,-135,-138,-136,-151,-102,-106,-108,-91,-45,-61,-20,-17,0,-38,0,-129,-133,-132,-132,-131,-137,-147,-137,-153,-139,-120,-97,-97,-97,-97,-97,-97,-97,-132,-128,-132,-130,-116,-97,-97,-97,-97,-97,-97,-97,-104,-96,-96,-96,-96,-96,-97,-96,-112,-96,-96,-96,-112,-112,-120,-79,-79,-79,-79,-79,-83,-83,-83,-83,-83,-83,-83,-79,-79,-79,-79,0,-79,0,-83,-83,-91,-91,-104,-91,-94,-79]} 1. d4 Nf6 2. c4 e6 3. Nf3 c5 4. d5 exd5 5. cxd5 d6 6. Nc3 g6 7. e4 Bg7 8. Be2 O-O 9. Be3 a6 10. a4 Bg4 11. Nd2 Bxe2 12. Qxe2 Re8 13. O-O Nbd7 {A75: Modern Benoni: Classical: 9...a6 10 a4 Bg4} 14. h3 (14. Bf4 Ne5 15. a5 Nh5 16. Be3 Qh4 17. g3 Qh3 18. f3 f5 19. Rab1 Rab8 20. Qg2 Qxg2+ 21. Kxg2 {½-½ (49) Najer,E (2674)-Chernobay,A (2503) Sochi 2019}) 14... Nh5 15. Rfe1 $146 ({White should try} 15. g4 $1 $16 {[%cal Rg4h5]} Nhf6 16. f3) ({Predecessor:} 15. g4 Nhf6 16. f3 Rc8 17. Bf4 Ne5 18. Bg3 {½-½ (32) Videki,S (2400)-Stanec,N (2457) Austria 2016}) 15... Rb8 {The position is equal.} 16. a5 (16. g4 $5 {[%cal Rg4h5]} Nhf6 17. a5 $16) 16... Qe7 (16... Bd4 $11) 17. Ra4 (17. g4 $1 $16 {[%cal Rg4h5]} Nhf6 18. Bf4) 17... Be5 $14 18. Qg4 b5 19. axb6 $1 Rxb6 20. f4 Bd4 21. Nd1 Ndf6 $36 {[%mdl 2048] Black has the initiative.} 22. Qh4 Bxe3+ (22... Nxd5 $5 23. Qxe7 Nxe7 $15) 23. Rxe3 {[#]} Nxd5 $1 {[%mdl 512]} 24. Qxe7 (24. exd5 Qxh4) 24... Nxe7 25. Nc4 Rb4 $1 {[%cal Rb4a4]} 26. Rxb4 cxb4 27. g3 {[#]} Rc8 $1 {[%cal Rc8c4]} 28. b3 d5 29. exd5 Nxd5 30. Rd3 Rc5 31. Kf2 a5 32. Ndb2 Nc3 33. Rd8+ Kg7 34. Ra8 (34. Nd3 $11 Rb5 35. Kf3) 34... Ne4+ $17 35. Kf3 Nexg3 ({Don't take} 35... Nhxg3 36. Rxa5 Rc7 37. Nd3 $15) 36. Rxa5 Rc7 37. Rb5 Nf5 38. Rxb4 Nd4+ 39. Ke4 Ne6 40. Nd3 Nf6+ 41. Kf3 Nd4+ 42. Kf2 {[#]} Nxb3 $1 {[%mdl 512]} 43. Rxb3 Rxc4 {[%mdl 4096] Endgame KRN-KRN} 44. Rb7 Rd4 45. Ke3 Rd7 46. Rxd7 Nxd7 {KN-KN} 47. Nf2 Kf6 48. Ne4+ {[#]} Ke7 $1 49. Kd4 h6 50. Ke3 Ke6 51. Nc3 Nf6 {Strongly threatening ...Nd5+.} 52. Ne2 Nd5+ 53. Ke4 Ne7 54. Nd4+ Kf6 55. Nf3 Nf5 56. Ne5 h5 57. Nd7+ Ke6 58. Nc5+ Ke7 59. Nd3 Kd6 60. Ne5 Ke6 61. Nf3 Nd6+ 62. Ke3 Kd5 63. Kd3 Ne4 {White must now prevent ...Nf2+.} 64. Ke3 Nd6 65. Kd3 $1 Ke6 {aiming for ...Kf5.} 66. Ke3 $1 Nb5 {Black is better.} 67. Ng5+ Ke7 68. Nf3 Nc7 69. Ke4 Ne6 {Accuracy: White = 57%, Black = 52%.} 1/2-1/2

[Event "Teplice Open 2019"]
[Site "Teplice"]
[Date "2019.06.23"]
[Round "9.28"]
[White "Cholleti Sahajasri"]
[Black "Kaasen, Tor Fredrik"]
[Result "1/2-1/2"]
[WhiteElo "2207"]
[BlackElo "2395"]
[Annotator "TA"]
[PlyCount "103"]
[EventDate "2019.06.15"]
[EventType "swiss"]
[EventCountry "CZE"]
[SourceTitle "playchess.com"]
[Source "ChessBase"]
[SourceQuality "1"]

{[%evp 9,103,0,18,21,35,31,35,31,29,33,34,16,83,78,85,75,85,18,21,-4,0,0,10,11,0,0,0,-16,0,-3,0,-29,4,-24,39,-10,0,-43,-20,-32,-30,-44,-18,-36,0,0,76,0,0,0,0,0,0,0,0,0,0,0,0,-10,-14,-34,0,0,0,0,0,0,0,0,0,0,0,0,0,0,83,85,162,169,168,0,102,0,0,0,0,0,0,0,0,0,0,0,0,0]} 1. Nf3 Nf6 2. c4 b6 3. g3 Bb7 4. Bg2 g6 5. Nc3 Bg7 6. d4 {A15: English Opening: 1...Nf6} O-O 7. d5 (7. O-O e6 8. d5 exd5 9. cxd5 Re8 10. Bf4 Na6 11. Rc1 Ne4 12. Nxe4 Rxe4 13. d6 c6 14. Qd2 Qf6 15. b3 Rae8 {0-1 (56) Wang,Y (2684)-Mamedyarov,S (2817) chess.com INT 2019}) 7... Na6 8. O-O {White is slightly better.} Nc5 9. Nd4 e5 10. Nc2 d6 (10... a5 $11 {keeps the balance.}) 11. b4 $16 Ncd7 12. e4 Qe7 $146 ({Predecessor:} 12... a5 13. a3 axb4 14. axb4 Rxa1 15. Nxa1 {0-1 (40) Salo,T (2283)-Morant,P (2150) Finland 2014}) 13. a4 (13. a3 $16) 13... a5 $11 14. bxa5 Rxa5 15. Ba3 Rfa8 16. Bb4 R5a6 17. Na3 Nc5 {[%cal Rc5a4]} 18. Nab5 Ne8 19. Qc2 Bc8 20. Ra2 f5 21. f3 h5 (21... f4 $11) 22. Rfa1 h4 23. Nd1 Bh6 24. Ra3 hxg3 25. hxg3 Nf6 26. a5 fxe4 27. fxe4 Ng4 (27... bxa5 $11 28. Bxa5 Ne8) 28. Qe2 (28. Bh3 $1 $16) 28... Nf6 $1 29. axb6 {And now Bxc5 would win.} Rxa3 30. Rxa3 Rxa3 31. Bxa3 cxb6 32. Bf3 Qd7 33. Bb4 Ba6 34. Ndc3 Qh3 35. Qg2 (35. Bxc5 {keeps more tension.} dxc5 36. Qg2 Be3+ 37. Kf1 Qxg2+ 38. Kxg2 Bd4 39. Be2) 35... Qxg2+ (35... Be3+ {seems wilder.} 36. Kf1 Qd7 37. Qe2 Bd4 38. Kg2 Bc8) 36. Kxg2 Bd2 37. Bxc5 $1 dxc5 38. Na4 Ba5 39. Nb2 Kf8 40. Nc7 Bc8 41. Nd3 Bc3 42. Na8 Nd7 (42... Bd4 $11) 43. Bg4 $16 Bb7 (43... Bd4 $16) 44. Bxd7 $18 Bxa8 {[%mdl 4096] Endgame [#] KBB-KBN} 45. Kf3 $2 (45. Bc8 $1 $18) 45... Ke7 {[#]} (45... Bb7 $1 $11) 46. Bb5 (46. Bc8 $1 $16) 46... Bb7 $1 $11 {The position is equal.} 47. Nf2 Bc8 48. g4 Bd4 {Hoping for ...Bxf2.} 49. Nd3 Kf6 50. Ne1 Bc3 51. Nd3 Bd4 52. Ne1 {Accuracy: White = 59%, Black = 50%.} 1/2-1/2

[Event "Teplice Open 2019"]
[Site "Teplice"]
[Date "2019.06.23"]
[Round "9.29"]
[White "Georgescu, Lena"]
[Black "Di Nicolantonio, Lucas"]
[Result "1/2-1/2"]
[WhiteElo "2200"]
[BlackElo "2379"]
[Annotator "NA"]
[PlyCount "88"]
[EventDate "2019.06.15"]
[EventType "swiss"]
[EventCountry "CZE"]
[SourceTitle "playchess.com"]
[Source "ChessBase"]
[SourceQuality "1"]
[TimeControl "40/5400+30:1800+30"]

1. e4 {[%emt 0:00:00]} g6 {[%emt 0:04:39]} 2. d4 {[%emt 0:00:00]} Bg7 {[%emt 0:00:07]} 3. Nc3 {[%emt 0:00:00]} d6 {[%emt 0:00:24]} 4. g3 {[%emt 0:00:00]} Nf6 {[%emt 0:00:51]} 5. Bg2 {[%emt 0:00:19]} O-O {[%emt 0:00:10]} 6. Nge2 {[%emt 0:00:18]} e5 {[%emt 0:06:29]} 7. h3 {[%emt 0:00:28]} Nc6 {[%emt 0:02:17]} 8. Be3 {[%emt 0:00:51]} exd4 {[%emt 0:04:07]} 9. Nxd4 {[%emt 0:00:08]} Nxd4 {[%emt 0:02:16]} 10. Bxd4 {[%emt 0:00:25]} Re8 {[%emt 0:02:24]} 11. O-O {[%emt 0:01:00]} Bd7 {[%emt 0:00:35]} 12. Re1 {[%emt 0:02:42]} c5 {[%emt 0:02:28]} 13. Be3 {[%emt 0:14:52]} Bc6 {[%emt 0:00:59]} 14. Qd3 {[%emt 0:01:48]} Re6 {[%emt 0:05:26]} 15. Rad1 {[%emt 0:02:42]} Qd7 {[%emt 0:09:00]} 16. Bf4 {[%emt 0:10:08]} Rae8 {[%emt 0:06:41]} 17. Bxd6 {[%emt 0:37:25]} c4 {[%emt 0:01:05]} 18. Qd2 {[%emt 0:00:03]} Nxe4 {[%emt 0:01:50]} 19. Nxe4 {[%emt 0:00:11]} Bxe4 {[%emt 0:00:11]} 20. Bxe4 {[%emt 0:02:09]} Rxe4 {[%emt 0:00:08]} 21. Rxe4 {[%emt 0:00:35]} Rxe4 {[%emt 0:00:08]} 22. Qd5 {[%emt 0:08:18]} Re8 {[%emt 0:11:44]} 23. Bb4 {[%emt 0:02:33]} Qxh3 {[%emt 0:11:48]} 24. Qxb7 {[%emt 0:00:53]} h5 {[%emt 0:00:10]} 25. Qd7 {[%emt 0:04:48]} Qxd7 {[%emt 0:00:05]} 26. Rxd7 {[%emt 0:00:02]} Rb8 {[%emt 0:01:22]} 27. c3 {[%emt 0:02:43]} a5 {[%emt 0:05:43]} 28. Bxa5 {[%emt 0:00:26]} Rxb2 {[%emt 0:00:06]} 29. Rc7 {[%emt 0:00:38]} Rxa2 {[%emt 0:00:13]} 30. Bb4 {[%emt 0:00:14]} Rc2 {[%emt 0:03:40]} 31. Rxc4 {[%emt 0:00:21]} Bf6 {[%emt 0:00:07]} 32. Kg2 {[%emt 0:02:11]} Kg7 {[%emt 0:06:30]} 33. Re4 {[%emt 0:01:07]} g5 {[%emt 0:00:56]} 34. Re8 {[%emt 0:01:53]} g4 {[%emt 0:03:09]} 35. Re4 {[%emt 0:01:49]} Kg6 {[%emt 0:01:25]} 36. Rc4 {[%emt 0:00:43]} Kf5 {[%emt 0:02:44]} 37. Rc5+ {[%emt 0:00:47]} Be5 {[%emt 0:00:23]} 38. Ba5 {[%emt 0:02:49]} f6 {[%emt 0:05:38]} 39. Bc7 {[%emt 0:00:35]} Rxc3 {[%emt 0:00:24]} 40. Rxc3 {[%emt 0:00:05]} Bxc3 {[%emt 0:00:05]} 41. f3 {[%emt 0:01:21]} Be5 {[%emt 0:00:06]} 42. Bb6 {[%emt 0:00:35]} Ke6 {[%emt 0:01:20]} 43. fxg4 {[%emt 0:02:31]} hxg4 {[%emt 0:00:07]} 44. Ba7 {[%emt 0:01:43]} Kd5 {[%emt 0:00:10]} 1/2-1/2

[Event "Teplice Open 2019"]
[Site "Teplice"]
[Date "2019.06.23"]
[Round "9.30"]
[White "Krishna Teja, N."]
[Black "Pajeken, Wolfgang"]
[Result "1-0"]
[WhiteElo "2357"]
[BlackElo "2259"]
[Annotator "NA"]
[PlyCount "67"]
[EventDate "2019.06.15"]
[EventType "swiss"]
[EventCountry "CZE"]
[SourceTitle "playchess.com"]
[Source "ChessBase"]
[SourceQuality "1"]
[TimeControl "40/5400+30:1800+30"]

1. d4 {[%emt 1:27:09]} Nf6 {[%emt 0:00:09]} 2. c4 {[%emt 0:00:05]} e6 {[%emt 0:00:10]} 3. Nc3 {[%emt 0:00:08]} c5 {[%emt 0:00:26]} 4. d5 {[%emt 0:02:41]} exd5 {[%emt 0:00:08]} 5. cxd5 {[%emt 0:00:02]} d6 {[%emt 0:00:05]} 6. e4 {[%emt 0:00:05]} g6 {[%emt 0:00:07]} 7. f4 {[%emt 0:00:03]} Bg7 {[%emt 0:00:10]} 8. Bb5+ {[%emt 0:00:05]} Nfd7 {[%emt 0:00:14]} 9. a4 {[%emt 0:00:15]} O-O {[%emt 0:00:47]} 10. Nf3 {[%emt 0:00:05]} Na6 {[%emt 0:00:46]} 11. O-O {[%emt 0:00:07]} Nc7 {[%emt 0:00:40]} 12. Bd3 {[%emt 0:01:43]} a6 {[%emt 0:02:29]} 13. Re1 {[%emt 0:04:54]} Re8 {[%emt 0:05:55]} 14. e5 {[%emt 0:00:55]} dxe5 {[%emt 0:00:13]} 15. d6 {[%emt 0:00:05]} Ne6 {[%emt 0:00:25]} 16. fxe5 {[%emt 0:00:10]} Nd4 {[%emt 0:04:34]} 17. Nxd4 {[%emt 0:10:00]} cxd4 {[%emt 0:00:25]} 18. Nd5 {[%emt 0:00:16]} Rxe5 {[%emt 0:09:46]} 19. Nc7 {[%emt 0:01:16]} Rb8 {[%emt 0:17:46]} 20. Bf4 {[%emt 0:01:00]} Rxe1+ {[%emt 0:00:11]} 21. Qxe1 {[%emt 0:00:03]} Nf8 {[%emt 0:11:15]} 22. Bc4 {[%emt 0:08:21]} Bf5 {[%emt 0:04:54]} 23. Qe7 {[%emt 0:03:08]} Ne6 {[%emt 0:01:13]} 24. Nxe6 {[%emt 0:00:54]} fxe6 {[%emt 0:01:48]} 25. Bxe6+ {[%emt 0:00:07]} Kh8 {[%emt 0:01:16]} 26. Bxf5 {[%emt 0:00:16]} gxf5 {[%emt 0:00:21]} 27. Bg5 {[%emt 0:00:29]} Qxe7 {[%emt 0:03:33]} 28. Bxe7 {[%emt 0:00:03]} Bf8 {[%emt 0:00:19]} 29. Re1 {[%emt 0:00:40]} d3 {[%emt 0:04:02]} 30. Bf6+ {[%emt 0:01:25]} Bg7 {[%emt 0:01:39]} 31. d7 {[%emt 0:00:19]} Bxf6 {[%emt 0:02:00]} 32. Re8+ {[%emt 0:00:02]} Kg7 {[%emt 0:00:31]} 33. Rxb8 {[%emt 0:00:06]} Bd4+ {[%emt 0:00:24]} 34. Kf1 {[%emt 0:00:05]} 1-0

[Event "Teplice Open 2019"]
[Site "Teplice"]
[Date "2019.06.23"]
[Round "9.31"]
[White "Risting, Eivind Olav"]
[Black "Brejnik, Gustav"]
[Result "0-1"]
[WhiteElo "2357"]
[BlackElo "2114"]
[Annotator "NA"]
[PlyCount "94"]
[EventDate "2019.06.15"]
[EventType "swiss"]
[EventCountry "CZE"]
[SourceTitle "playchess.com"]
[Source "ChessBase"]
[SourceQuality "1"]
[TimeControl "40/5400+30:1800+30"]

1. d4 {[%emt 0:04:48]} Nf6 {[%emt 0:00:00]} 2. c4 {[%emt 0:00:11]} e6 {[%emt 0:00:00]} 3. Nf3 {[%emt 0:00:05]} b6 {[%emt 0:00:00]} 4. a3 {[%emt 0:00:21]} Bb7 {[%emt 0:00:06]} 5. Nc3 {[%emt 0:00:22]} d5 {[%emt 0:00:23]} 6. cxd5 {[%emt 0:01:29]} Nxd5 {[%emt 0:00:13]} 7. Qc2 {[%emt 0:01:36]} Nxc3 {[%emt 0:00:11]} 8. bxc3 {[%emt 0:01:01]} Nd7 {[%emt 0:00:41]} 9. e4 {[%emt 0:00:26]} c5 {[%emt 0:00:06]} 10. Bf4 {[%emt 0:03:57]} Be7 {[%emt 0:00:34]} 11. Bd3 {[%emt 0:03:48]} Qc8 {[%emt 0:22:08]} 12. Qb2 {[%emt 0:04:57]} O-O {[%emt 0:03:57]} 13. O-O {[%emt 0:02:37]} Ba6 {[%emt 0:12:01]} 14. Qe2 {[%emt 0:23:30]} Bxd3 {[%emt 0:00:00]} 15. Qxd3 {[%emt 0:00:02]} Rd8 {[%emt 0:00:00]} 16. Rfd1 {[%emt 0:03:53]} Qb7 {[%emt 0:00:00]} 17. d5 {[%emt 0:03:53]} exd5 {[%emt 0:06:37]} 18. exd5 {[%emt 0:00:21]} Nf6 {[%emt 0:00:19]} 19. c4 {[%emt 0:01:26]} b5 {[%emt 0:03:37]} 20. Rab1 {[%emt 0:11:43]} bxc4 {[%emt 0:02:22]} 21. Qe2 {[%emt 0:00:38]} Qd7 {[%emt 0:07:01]} 22. d6 {[%emt 0:01:52]} Bf8 {[%emt 0:01:52]} 23. Qxc4 {[%emt 0:01:04]} Qf5 {[%emt 0:10:38]} 24. Ng5 {[%emt 0:16:04]} Rd7 {[%emt 0:09:37]} 25. Rb5 {[%emt 0:02:13]} Rc8 {[%emt 0:05:28]} 26. Be3 {[%emt 0:02:41]} h6 {[%emt 0:00:40]} 27. Nf3 {[%emt 0:04:58]} Bxd6 {[%emt 0:00:33]} 28. Rbb1 {[%emt 0:02:23]} Ng4 {[%emt 0:01:25]} 29. Qc3 {[%emt 0:01:13]} Nxh2 {[%emt 0:01:27]} 30. Nxh2 {[%emt 0:00:41]} Bxh2+ {[%emt 0:00:06]} 31. Kf1 {[%emt 0:00:25]} Be5 {[%emt 0:01:26]} 32. Qc4 {[%emt 0:00:34]} Rcd8 {[%emt 0:01:40]} 33. Ke2 {[%emt 0:00:34]} Qh5+ {[%emt 0:01:55]} 34. g4 {[%emt 0:00:15]} Qg6 {[%emt 0:02:24]} 35. Bxc5 {[%emt 0:00:20]} Bf4 {[%emt 0:01:45]} 36. Rxd7 {[%emt 0:00:47]} Qxg4+ {[%emt 0:00:40]} 37. Ke1 {[%emt 0:00:41]} Rxd7 {[%emt 0:00:46]} 38. Rb8+ {[%emt 0:00:35]} Kh7 {[%emt 0:00:01]} 39. Qe4+ {[%emt 0:00:20]} f5 {[%emt 0:00:19]} 40. Rh8+ {[%emt 0:00:26]} Kxh8 {[%emt 0:00:49]} 41. Qe8+ {[%emt 0:30:07]} Kh7 {[%emt 0:30:04]} 42. Qxd7 {[%emt 0:00:07]} h5 {[%emt 0:03:56]} 43. Bd4 {[%emt 0:00:00]} Bh6 {[%emt 0:00:00]} 44. Bxa7 {[%emt 0:00:00]} h4 {[%emt 0:00:00]} 45. Kf1 {[%emt 0:00:00]} Bf4 {[%emt 0:00:00]} 46. Bd4 {[%emt 0:00:00]} Qd1+ {[%emt 0:00:00]} 47. Kg2 {[%emt 0:00:00]} h3+ {[%emt 0:00:00]} 0-1

[Event "Teplice Open 2019"]
[Site "Teplice"]
[Date "2019.06.23"]
[Round "9.32"]
[White "Novotny, Martin"]
[Black "Vogel, Roven"]
[Result "0-1"]
[WhiteElo "2089"]
[BlackElo "2471"]
[Annotator "TA"]
[PlyCount "104"]
[EventDate "2019.06.15"]
[EventType "swiss"]
[EventCountry "CZE"]
[SourceTitle "playchess.com"]
[Source "ChessBase"]
[SourceQuality "1"]

{[%evp 9,112,11,33,7,24,20,44,43,60,56,66,66,62,62,80,55,62,43,56,35,37,37,29,35,35,27,43,42,43,42,61,45,59,41,50,50,47,24,22,21,22,23,23,21,23,-86,16,-43,-20,-34,-53,-108,-111,-106,-112,-122,-116,-116,-116,-114,-108,-111,-46,-53,-35,-129,-122,-193,-133,-158,0,0,0,0,0,0,0,0,0,-19,-6,-141,-110,-145,-154,-155,-153,-123,0,-293,-230,-293,-280,-29986,-29987,-29987,-29988,-29988,-29988,-29988,-29989,-29993,-29993,-29993,-29994]} 1. d4 Nf6 2. c4 e6 3. Nf3 c5 4. g3 cxd4 5. Nxd4 Qb6 6. e3 {A32: Symmetrical English: 2 Nf3 Nf6 3 d4 cxd4 4 Nxd4 e6} e5 $146 ({Predecessor:} 6... Nc6 7. Bg2 Bc5 8. Nb3 Bb4+ 9. Bd2 Ne5 10. Qe2 d5 11. cxd5 exd5 12. O-O Bg4 13. f3 Bf5 14. Bxb4 Qxb4 15. Rd1 O-O 16. Nc3 Rad8 {½-½ (31) Fridman,D (2596)-Ruck,R (2561) Tallinn 2016}) 7. Nf3 d6 8. Bg2 {White is slightly better.} Be6 9. b3 Be7 10. O-O O-O 11. Nc3 Nbd7 12. e4 a6 13. Be3 Nc5 14. Qc2 Rfc8 15. Na4 Qc7 16. Bxc5 dxc5 17. Nc3 b5 18. Nd5 Bxd5 19. exd5 Bd6 20. Nd2 Rf8 21. Bh3 g6 22. Rfe1 b4 23. Re2 Ne8 24. a3 bxa3 25. Rxa3 f5 26. Qa2 a5 {[%cal Ba6a5,Ba5b4][%mdl 32]} 27. Re1 (27. Qa1 $11 {keeps the balance.}) 27... Qd8 (27... e4 $17) 28. Ra1 (28. Qa1 $11) 28... Bc7 $15 29. Ra4 Rb8 30. b4 (30. Nb1 $15) 30... axb4 $17 31. Nb3 Bb6 32. Qb2 Nd6 33. Bf1 Qe7 34. Na5 Bxa5 35. Rxa5 Rfc8 (35... Nf7 $17 36. Ra7 Rb7) 36. Ra7 $15 Rb7 {[%cal Bb8b7,Bb7c7,Bc7c8][%mdl 32]} 37. Ra8 (37. Rxb7 $15 Nxb7 38. Ra7) 37... Rbc7 $17 38. R1a5 (38. R8a6 $17 {is a better defense.}) 38... e4 (38... Rxa8 $19 39. Rxa8+ Rc8) 39. Qa1 Kf7 $2 ({Black should try} 39... e3 $17 {White must now prevent ...e2.} 40. Rxc8+ Rxc8) 40. Rxc8 $11 Rxc8 41. Ra7 $1 {[%cal Ra7e7]} Rc7 42. Ra8 Rc8 43. Ra7 $1 {[%cal Ra7e7]} Rc7 44. Ra8 $1 {[%cal Ra8h8]} Ne8 45. Qh8 (45. Ra6 $1 $11 {was the only way to keep the balance.}) 45... Nf6 $17 46. Ra6 Rd7 $1 {[%cal Rd7d8]} 47. Qc8 {next Re6 is good for White.} Rd8 $36 {[%mdl 2048] White is under strong pressure.} 48. Qc6 Rd7 ({Better is} 48... e3 $17 {Threatens to win with ...exf2+.} 49. f3 Ne8) 49. Ra8 $2 {[%mdl 8192]} (49. Qc8 $11 {and White is okay.}) 49... Rc7 50. Qa6 {[#] Strongly threatening d6.} e3 $1 {[%cal Re3f2] aiming for ...exf2+.} 51. d6 $2 (51. f3 $19 e2 {[#]} 52. Qe6+ $1 {[%mdl 512]} Qxe6 53. dxe6+ Kxe6 54. Bxe2) 51... exf2+ {Black mates.} 52. Kg2 Qe4+ 0-1

[Event "Teplice Open 2019"]
[Site "Teplice"]
[Date "2019.06.23"]
[Round "9.34"]
[White "Freisler, Pavel"]
[Black "Mikes, Jan"]
[Result "1-0"]
[WhiteElo "2246"]
[BlackElo "2404"]
[Annotator "NA"]
[PlyCount "67"]
[EventDate "2019.06.15"]
[EventType "swiss"]
[EventCountry "CZE"]
[SourceTitle "playchess.com"]
[Source "ChessBase"]
[SourceQuality "1"]
[TimeControl "40/5400+30:1800+30"]

1. Nf3 {[%emt 0:00:00]} Nf6 {[%emt 0:00:00]} 2. c4 {[%emt 0:00:48]} g6 {[%emt 0:00:00]} 3. Nc3 {[%emt 0:00:11]} Bg7 {[%emt 0:00:00]} 4. g3 {[%emt 0:00:10]} O-O {[%emt 0:00:00]} 5. Bg2 {[%emt 0:00:11]} d6 {[%emt 0:00:04]} 6. d4 {[%emt 0:00:32]} Nc6 {[%emt 0:00:06]} 7. d5 {[%emt 0:01:30]} Na5 {[%emt 0:00:21]} 8. Nd2 {[%emt 0:00:07]} c5 {[%emt 0:00:44]} 9. O-O {[%emt 0:00:08]} a6 {[%emt 0:01:53]} 10. Qc2 {[%emt 0:00:29]} Rb8 {[%emt 0:01:05]} 11. a4 {[%emt 0:00:42]} e6 {[%emt 0:00:53]} 12. b3 {[%emt 0:00:52]} exd5 {[%emt 0:02:14]} 13. cxd5 {[%emt 0:00:09]} b5 {[%emt 0:02:20]} 14. axb5 {[%emt 0:00:22]} axb5 {[%emt 0:00:05]} 15. Bb2 {[%emt 0:00:04]} Re8 {[%emt 0:13:26]} 16. Rfe1 {[%emt 0:00:44]} b4 {[%emt 0:14:51]} 17. Nce4 {[%emt 0:06:41]} Nxd5 {[%emt 0:04:06]} 18. Bxg7 {[%emt 0:28:47]} Kxg7 {[%emt 0:00:04]} 19. Qd3 {[%emt 0:24:41]} Bb7 {[%emt 0:18:01]} 20. Rxa5 {[%emt 0:06:08]} Qxa5 {[%emt 0:00:48]} 21. Nxd6 {[%emt 0:00:05]} Qd8 {[%emt 0:02:58]} 22. N2c4 {[%emt 0:05:25]} Re7 {[%emt 0:11:29]} 23. Nxb7 {[%emt 0:10:16]} Rbxb7 {[%emt 0:00:05]} 24. Qxd5 {[%emt 0:00:08]} Qxd5 {[%emt 0:00:07]} 25. Bxd5 {[%emt 0:00:14]} Ra7 {[%emt 0:00:14]} 26. e4 {[%emt 0:02:23]} Ra2 {[%emt 0:00:06]} 27. Nd6 {[%emt 0:02:53]} Rd2 {[%emt 0:00:31]} 28. Rc1 {[%emt 0:02:13]} Ra7 {[%emt 0:02:32]} 29. Nxf7 {[%emt 0:02:56]} Rxd5 {[%emt 0:04:54]} 30. exd5 {[%emt 0:00:05]} Rxf7 {[%emt 0:01:42]} 31. Kg2 {[%emt 0:02:52]} Ra7 {[%emt 0:00:20]} 32. d6 {[%emt 0:00:28]} Kf6 {[%emt 0:00:11]} 33. Rxc5 {[%emt 0:00:24]} Ra3 {[%emt 0:00:02]} 34. Rd5 {[%emt 0:01:08]} 1-0